Entry Personal Name
Number of records used in: 1
001 - CONTROL NUMBER
003 - CONTROL NUMBER IDENTIFIER
005 - DATE AND TIME OF LATEST TRANSACTION
- control field:
20191231142904.0
008 - FIXED-LENGTH DATA ELEMENTS
- fixed length control field:
020405n| acannaabn |n aaa
010 ## - LIBRARY OF CONGRESS CONTROL NUMBER
- LC control number:
no2002028466
035 ## - SYSTEM CONTROL NUMBER
- System control number:
(OCoLC)oca05729462
040 ## - CATALOGING SOURCE
- Original cataloging agency:
DLC-ON
- Language of cataloging:
eng
- Transcribing agency:
DLC-ON
- Modifying agency:
DLC
100 1# - HEADING--PERSONAL NAME
- Personal name:
Bhavani, T. A.
670 ## - SOURCE DATA FOUND
- Source citation:
Towards developing an analytical framework to study technological change in the small units ... 2001:
- Information found:
t.p. (T.A. Bhavani; Inst. of Econ. Growth, Delhi)
670 ## - SOURCE DATA FOUND
- Source citation:
Globalisation & Indian small scale industries, c2006:
- Information found:
t.p. (T.A. Bhavani) jkt. (M.Phil., Ph.D. (econ.); Ford Foundation post-doctoral fellow at U. of Illinois in 1992-93)